LEADER 01084nam0 22002891i 450 001 UON00016655 005 20231205101958.509 100 $a20020107d1960 |0itac50 ba 101 $aara 102 $aEG 105 $a|||| 1|||| 200 1 $aˆal-‰Mugni$fAbd al-Gabbar al-Asadabadi$g[a cura di] Amin al-Huli 205 $aal-Qahira : Dar al-Kutub$b1960 210 $a438 p.$a29 cm 215 $aCont.$cparte XVI 606 $aCORANO$3UONC004604$2FI 620 $aEG$dIl Cairo$3UONL000377 686 $aARA VII AA$cPAESI ARABI - FILOSOFIA E RELIGIONE - ISLAM - CORANO$2A 700 1$aABD al-GABBAR$bal-Asadabadi$3UONV070053$0640888 702 1$aˆal-‰HULI$bAmin$3UONV070054 712 $aDar al-kutub al-'ilmiyyah$3UONV257116$4650 801 $aIT$bSOL$c20240220$gRICA 899 $aSIBA - SISTEMA BIBLIOTECARIO DI ATENEO$2UONSI 912 $aUON00016655 950 $aSIBA - SISTEMA BIBLIOTECARIO DI ATENEO$dSI ARA VII AA 059 $eSI MR 72997 7 059 996 $aMugni$91195719 997 $aUNIOR